Analýza dôsledkov hospodárskej krízy na ekonomiku SR diplomová práca

Enregistré dans:
Détails bibliographiques
Auteur principal: Valenteje, Veronika
Collectivité auteur: Fakulta hospodárskej informatiky EU. Katedra operačného výskumu a ekonometrie
Autres auteurs: Goga, Marián
Format: Livre
Langue:slovaque
Publié: Bratislava 2011
Tags: Ajouter un tag
Pas de tags, Soyez le premier à ajouter un tag!

MARC

LEADER 00000nbm a2200000 4500
001 0140590
005 20161109101936.1
041 0 |a slo 
044 |a SK 
245 1 0 |a Analýza dôsledkov hospodárskej krízy na ekonomiku SR  |b diplomová práca  |c Veronika Valenteje ; školiteľ: Marián Goga 
264 1 |a Bratislava  |c 2011 
300 |a 68 s. 
100 1 |a Valenteje, Veronika 
700 1 |a Goga, Marián 
710 2 |a Fakulta hospodárskej informatiky EU. Katedra operačného výskumu a ekonometrie